[Event "Sparkassen-Open A"]
[Site "Heusenstamm, Martinsee"]
[Date "2018.11.24"]
[Round "5.94"]
[White "Bobrowski, Damian"]
[Black "Deppe, Leo Max"]
[Result "0-1"]
[WhiteElo "1586"]
[BlackElo "1895"]
[PlyCount "134"]
[EventDate "2018.??.??"]
[WhiteTeam "Sandecja Nowy Sacz"]
[BlackTeam "SC Bad Soden"]

1. e4 c5 2. Nc3 d6 3. f4 Nc6 4. Nf3 a6 5. g3 e6 6. Bg2 Nf6 7. O-O Be7 8. d3 O-O
9. h3 Rb8 10. Qe1 Nd4 11. Qf2 Nxf3+ 12. Bxf3 h6 13. g4 Nh7 14. Ne2 e5 15. f5
Bh4 16. Qh2 b5 17. Be3 Bd7 18. Bf2 b4 19. Kh1 Kh8 20. Bg2 Bxf2 21. Rxf2 Qh4 22.
Raf1 Rb5 23. Nc1 Rc8 24. Nb3 Ng5 25. Nd2 Be8 26. Nc4 Rd8 27. Re2 f6 28. b3 Bf7
29. Ne3 a5 30. Rfe1 a4 31. Nf1 axb3 32. cxb3 Ra8 33. Rc1 Rba5 34. Rcc2 Be8 35.
Qg3 Qxg3 36. Nxg3 Nf7 37. h4 Nd8 38. Red2 Nc6 39. Ne2 Kg8 40. Kh2 Kf7 41. Kg3
Ke7 42. Bf3 Bf7 43. Kh3 Kd7 44. Kg3 Rh8 45. h5 Rb8 46. Kh3 Rbb5 47. Kg3 Nd4 48.
Nxd4 cxd4 49. Rc1 Rc5 50. Rdc2 Rc3 51. Kf2 Rac5 52. Bd1 Kc6 53. Ke2 d5 54. Rxc3
dxc3 55. Rc2 Kd6 56. exd5 Bxd5 57. Ke3 Bb7 58. Bf3 Bxf3 59. Kxf3 Rd5 60. Ke3
Rd4 61. Rg2 Rf4 62. Ke2 Kc5 63. Ke3 Rf1 64. Rc2 Rg1 65. a3 bxa3 66. Rxc3+ Kb4
67. Rc8 a2 0-1

[Event "Sparkassen-Open A"]
[Site "Heusenstamm, Martinsee"]
[Date "2018.11.24"]
[Round "5.95"]
[White "Bakiev, Diyor"]
[Black "Riemann, Jonas"]
[Result "1/2-1/2"]
[WhiteElo "1908"]
[BlackElo "1761"]
[PlyCount "82"]
[EventDate "2018.??.??"]
[WhiteTeam "SV Ffm-Griesheim"]
[BlackTeam "SK Bickenbach"]

1. e4 d6 2. d4 Nf6 3. Nc3 g6 4. Nf3 Bg7 5. Bc4 O-O 6. O-O Nbd7 7. Re1 e5 8. h3
exd4 9. Nxd4 Ne5 10. Be2 Bd7 11. Be3 Re8 12. f4 Nc6 13. Bf3 Nxd4 14. Bxd4 Bc6
15. Qd2 Re6 16. Rad1 Qe8 17. Nd5 Bxd5 18. exd5 Rxe1+ 19. Rxe1 Qd7 20. Qc3 Qf5
21. Bxf6 Bxf6 22. Qc4 Qd7 23. Bg4 Qd8 24. Qb5 c6 25. Qxb7 cxd5 26. Qxd5 Qb6+
27. Kh1 Rd8 28. b3 Qf2 29. Qe4 d5 30. Qe3 Qxc2 31. Qxa7 d4 32. Qa6 Qc3 33. Rd1
d3 34. Qc4 Qc2 35. a4 Qf2 36. a5 Bh4 37. a6 d2 38. Qf1 Qe3 39. Qe2 Qb6 40. Rxd2
Rxd2 41. Qxd2 Qxa6 1/2-1/2

[Event "Sparkassen-Open A"]
[Site "Heusenstamm, Martinsee"]
[Date "2018.11.24"]
[Round "5.96"]
[White "Bunjaku, Lulzim"]
[Black "Mueller, Werner"]
[Result "0-1"]
[WhiteElo "1807"]
[BlackElo "2089"]
[PlyCount "94"]
[EventDate "2018.??.??"]
[WhiteTeam "SC Heusenstamm"]
[BlackTeam "BCA Augsburg"]

1. f4 d5 2. Nf3 Nf6 3. e3 Bg4 4. b3 c6 5. Bb2 Nbd7 6. c4 e6 7. Be2 Bxf3 8. Bxf3
Bd6 9. O-O Qe7 10. d4 h6 11. c5 Bc7 12. Nd2 g5 13. e4 Bxf4 14. e5 Bxd2 15. Qxd2
Ne4 16. Bxe4 dxe4 17. Qe3 f5 18. exf6 Nxf6 19. Qf2 Rf8 20. Qg3 O-O-O 21. a4 Rd5
22. b4 Rf5 23. Rfe1 Qc7 24. Qxc7+ Kxc7 25. b5 Kd7 26. Re2 h5 27. Ba3 g4 28. a5
Rb8 29. Rb1 cxb5 30. Rxb5 Kc7 31. Rb1 Nd5 32. Bb4 e3 33. Be1 Rbf8 34. Bg3+ Kc6
35. Rc1 R8f7 36. h3 gxh3 37. gxh3 Rf3 38. Kg2 R3f5 39. a6 h4 40. axb7 Rxb7 41.
Be5 Rbf7 42. Rcc2 Rg5+ 43. Kh2 Rgf5 44. Kg2 a5 45. Rb2 a4 46. Rbc2 a3 47. Bd6
Rf2+ 0-1

[Event "Sparkassen-Open A"]
[Site "Heusenstamm, Martinsee"]
[Date "2018.11.24"]
[Round "5.97"]
[White "Berkes, JÃ¶rg"]
[Black "SurÃ¡nyi, PÃ¡l"]
[Result "0-1"]
[WhiteElo "1798"]
[BlackElo "2061"]
[PlyCount "68"]
[EventDate "2018.??.??"]
[WhiteTeam "SK Langen"]
[BlackTeam "SC Remagen-Sinzig"]

1. Nf3 Nf6 2. g3 b5 3. Bg2 Bb7 4. O-O e6 5. d3 d5 6. a3 Be7 7. Re1 O-O 8. b3 c5
9. Bb2 Qb6 10. Qc1 Nbd7 11. Nbd2 a5 12. e4 a4 13. e5 Ne8 14. Nf1 axb3 15. cxb3
Rc8 16. N1d2 Ba6 17. Bf1 f6 18. exf6 Bxf6 19. Bh3 Nc7 20. Ne5 Nxe5 21. Bxe5
Bxe5 22. Rxe5 c4 23. Qe1 c3 24. Nb1 d4 25. Bxe6+ Nxe6 26. Rxe6 Rc6 27. Re7 Qc5
28. b4 Qd5 29. f4 Bc8 30. a4 Bh3 31. Re4 bxa4 32. Na3 Re6 33. Nc2 Rfe8 34. Rxe6
Qg2# 0-1

[Event "Sparkassen-Open A"]
[Site "Heusenstamm, Martinsee"]
[Date "2018.11.24"]
[Round "5.98"]
[White "Martin, Reiner"]
[Black "FrÃ¶hlich-Dill, Astrid"]
[Result "1-0"]
[WhiteElo "2023"]
[BlackElo "1796"]
[PlyCount "107"]
[EventDate "2018.??.??"]
[WhiteTeam "SC Bad Soden"]
[BlackTeam "SV Hofheim"]

1. d4 Nf6 2. c4 e6 3. Nc3 b6 4. e4 Bb4 5. Bd3 Bb7 6. Qe2 O-O 7. Nf3 d5 8. cxd5
exd5 9. e5 Ne4 10. Bd2 Nxd2 11. Qxd2 h6 12. a3 Be7 13. O-O c5 14. Bc2 cxd4 15.
Qxd4 Bc5 16. Qd3 g6 17. e6 f5 18. b4 Be7 19. Ne5 Rf6 20. Nf7 Qc8 21. Nxd5 Rxe6
22. Nxe7+ Rxe7 23. Nd6 Qc6 24. Nxb7 Qxb7 25. Bb3+ Kh7 26. Bd5 Qd7 27. Qc4 b5
28. Qb3 Nc6 29. Rfd1 Qe8 30. Kf1 Rc8 31. Re1 Nd4 32. Qd3 Ne6 33. g3 Nc7 34. Bb3
Rd8 35. Qc3 Qd7 36. Qc5 Rg7 37. Rad1 Qc8 38. Rc1 Qb7 39. Re7 h5 40. Rxg7+ Kxg7
41. Qxc7+ Rd7 42. Qxb7 Rxb7 43. Ke2 Re7+ 44. Kd3 Rd7+ 45. Ke3 a5 46. h4 axb4
47. axb4 Re7+ 48. Kd4 Rd7+ 49. Bd5 Re7 50. Rc2 Kf6 51. Bc6 Re5 52. f4 Re1 53.
Rc3 Rb1 54. Kc5 1-0

[Event "Sparkassen-Open A"]
[Site "Heusenstamm, Martinsee"]
[Date "2018.11.24"]
[Round "5.99"]
[White "Reinhard, Ralf-Peter"]
[Black "Spelleken, Hans-Gerd"]
[Result "1-0"]
[WhiteElo "1943"]
[BlackElo "1792"]
[PlyCount "85"]
[EventDate "2018.??.??"]
[WhiteTeam "vereinslos"]
[BlackTeam "SC Kahl"]

1. e4 d5 2. Nc3 d4 3. Nce2 c5 4. Ng3 e5 5. Bc4 Nd7 6. d3 Nb6 7. Bb3 Nf6 8. Nf3
Bd6 9. O-O O-O 10. Bg5 Be6 11. Bxe6 fxe6 12. h3 Qe8 13. Nh4 c4 14. f4 exf4 15.
Bxf4 Bxf4 16. Rxf4 g5 17. Rxf6 Rxf6 18. Nf3 e5 19. Nf5 h6 20. Qd2 cxd3 21. cxd3
Rc8 22. Qa5 Rc2 23. Qxa7 Rc7 24. Qa5 Re6 25. Nxe5 Rxe5 26. Qxb6 Rec5 27. Qxh6
Rc1+ 28. Rxc1 Rxc1+ 29. Kf2 Rc2+ 30. Kf3 g4+ 31. hxg4 Qf7 32. Qg5+ Kh7 33. Qh4+
Kg8 34. Qd8+ Kh7 35. Qxd4 Rc7 36. Qd8 Rd7 37. Qh4+ Kg8 38. Ke3 Qe6 39. Qg5+ Kh7
40. Qh5+ Kg8 41. g5 Qb6+ 42. d4 Qxb2 43. Qe8+ 1-0

[Event "Sparkassen-Open A"]
[Site "Heusenstamm, Martinsee"]
[Date "2018.11.24"]
[Round "5.100"]
[White "Heppert, Lars"]
[Black "Steinke, Hans-JÃ¶rg"]
[Result "1/2-1/2"]
[WhiteElo "1940"]
[BlackElo "1791"]
[PlyCount "136"]
[EventDate "2018.??.??"]
[WhiteTeam "SK Neuburg"]
[BlackTeam "SV Datteln"]

1. c4 e6 2. g3 Nf6 3. Bg2 d5 4. Nf3 b6 5. cxd5 exd5 6. O-O Bb7 7. Nc3 Nbd7 8.
a3 Be7 9. b4 a6 10. d4 O-O 11. Bb2 c6 12. Qb3 Re8 13. Rfe1 Bd6 14. Nd2 Rc8 15.
e4 dxe4 16. Ncxe4 Nxe4 17. Nxe4 Be7 18. Re2 Nf6 19. Rae1 Nd5 20. Bh3 Rb8 21.
Nc3 Nf6 22. Ne4 Nd5 23. Nd2 Bc8 24. Bg2 Be6 25. Qa4 Qc8 26. Rc1 b5 27. Qc2 Bd7
28. Nb3 Bg5 29. Rce1 Rxe2 30. Rxe2 Bf5 31. Be4 Bxe4 32. Qxe4 Nf6 33. Qe5 Qe8
34. Na5 Qxe5 35. Rxe5 Bh6 36. Nxc6 Re8 37. Rxe8+ Nxe8 38. f4 g5 39. Ne7+ Kg7
40. Nf5+ Kg6 41. Nxh6 Kxh6 42. Bc1 gxf4 43. Bxf4+ Kg6 44. d5 Kf5 45. Kg2 Nf6
46. d6 Ke6 47. Kh3 Kf5 48. Kh4 Kg6 49. Bg5 Nd7 50. Be7 f5 51. Bd8 Ne5 52. Bb6
Nf3+ 53. Kh3 Ne5 54. Bd4 Nd7 55. Kg2 Kf7 56. Kf3 Ke6 57. Bc5 Ne5+ 58. Kf4 Nc4
59. g4 fxg4 60. Kxg4 Nxa3 61. Kh5 Nc4 62. Kh6 Nxd6 63. Kxh7 Ne4 64. Bb6 Nf6+
65. Kg6 Nd5 66. Bc5 Nf4+ 67. Kg7 Kf5 68. Kf7 Kg4 1/2-1/2

[Event "Sparkassen-Open A"]
[Site "Heusenstamm, Martinsee"]
[Date "2018.11.24"]
[Round "5.101"]
[White "Reinecke, Katharina"]
[Black "Blank, Stefan"]
[Result "1-0"]
[WhiteElo "1917"]
[BlackElo "1768"]
[PlyCount "69"]
[EventDate "2018.??.??"]
[WhiteTeam "SK Langen"]
[BlackTeam "SC Sulzbach"]

1. d4 Nf6 2. c4 c5 3. Nf3 g6 4. g3 Bg7 5. Bg2 Qa5+ 6. Bd2 Qb6 7. dxc5 Qxc5 8.
Qb3 Ne4 9. Be3 Qa5+ 10. Nbd2 O-O 11. O-O Nxd2 12. Bxd2 Qc7 13. Bc3 Bxc3 14.
Qxc3 d6 15. Nd4 a6 16. Rac1 e5 17. Nc2 a5 18. Na3 Nc6 19. Nb5 Qe7 20. Rfd1 Rd8
21. Rd2 Nb4 22. b3 Be6 23. a3 Nc6 24. Rcd1 Ra6 25. e3 Na7 26. a4 Rc8 27. Nxd6
Rc7 28. Qxe5 Nc6 29. Qb2 Bg4 30. Nb5 Bxd1 31. Nxc7 Qxc7 32. Rxd1 Ra8 33. Qf6
Nd8 34. Qd6 Qc8 35. Qd7 $138 1-0

[Event "Sparkassen-Open A"]
[Site "Heusenstamm, Martinsee"]
[Date "2018.11.24"]
[Round "5.102"]
[White "BÃ¼se, Ralf"]
[Black "HÃ¶lÃŸ, Manuel"]
[Result "1/2-1/2"]
[WhiteElo "1906"]
[BlackElo "1724"]
[PlyCount "31"]
[EventDate "2018.??.??"]
[WhiteTeam "SC Ladja RoÃŸdorf"]
[BlackTeam "SSG Hungen-Lich"]

1. d4 f5 2. Bf4 Nf6 3. e3 g6 4. Nf3 Bg7 5. Bd3 O-O 6. c4 d6 7. h3 Nbd7 8. c5 h6
9. cxd6 cxd6 10. Rg1 Nh5 11. Bh2 e5 12. Bc4+ Kh7 13. dxe5 dxe5 14. Nc3 e4 15.
Nd4 Ne5 16. Be2 1/2-1/2

[Event "Sparkassen-Open A"]
[Site "Heusenstamm, Martinsee"]
[Date "2018.11.24"]
[Round "5.103"]
[White "Nickel, Jonas"]
[Black "Deutsch, Christoph"]
[Result "1/2-1/2"]
[WhiteElo "1788"]
[BlackElo "1876"]
[PlyCount "37"]
[EventDate "2018.??.??"]
[WhiteTeam "SG WÃ¤chtersbach"]
[BlackTeam "SK GrÃ¼ndau"]

1. e4 e5 2. Nf3 Nc6 3. Bb5 Nf6 4. O-O Nxe4 5. Re1 Nd6 6. Bxc6 dxc6 7. Nxe5 Be7
8. d4 O-O 9. c3 Bf5 10. Nd2 Bg5 11. Nef3 Bf6 12. Nf1 Re8 13. h3 Ne4 14. Bf4 Be7
15. Qb3 b6 16. Ne5 Qd5 17. Rad1 Qxb3 18. axb3 Bd6 19. Ne3 1/2-1/2

[Event "Sparkassen-Open A"]
[Site "Heusenstamm, Martinsee"]
[Date "2018.11.24"]
[Round "5.104"]
[White "Pabel, Ralph"]
[Black "Marzec, Witold"]
[Result "1-0"]
[WhiteElo "1905"]
[BlackElo "1715"]
[PlyCount "95"]
[EventDate "2018.??.??"]
[WhiteTeam "SK Mainaschaff"]
[BlackTeam "vereinslos"]

1. d4 Nf6 2. c4 e6 3. Nf3 d5 4. Nc3 c6 5. e3 Nbd7 6. cxd5 exd5 7. Bd3 Bd6 8.
O-O O-O 9. a3 Re8 10. Qc2 Nf8 11. h3 h6 12. Bd2 Be6 13. Ne5 Bxe5 14. dxe5 N6h7
15. f4 g6 16. Kh1 h5 17. Ne2 Qd7 18. Rf3 h4 19. Nd4 Qe7 20. Raf1 c5 21. Nxe6
fxe6 22. Bxg6 Nxg6 23. Qxg6+ Qg7 24. Qxg7+ Kxg7 25. Be1 b5 26. Bxh4 Rf8 27. Rd1
a6 28. g3 Rf7 29. Rf2 c4 30. Kg2 a5 31. Kf3 b4 32. a4 Rd7 33. g4 Nf8 34. Bf6+
Kf7 35. h4 Nh7 36. g5 Kg6 37. Kg4 Nxf6+ 38. exf6 Rh7 39. Rh2 Rh5 40. e4 dxe4
41. Rd7 Rg8 42. Re7 c3 43. bxc3 bxc3 44. Rxe6 Rhh8 45. h5+ Kf7 46. Re7+ Kf8 47.
Rc2 Rh6 48. Kf5 1-0

[Event "Sparkassen-Open A"]
[Site "Heusenstamm, Martinsee"]
[Date "2018.11.24"]
[Round "5.105"]
[White "Poschadel, Andreas Gregor"]
[Black "Lehmann, Nils"]
[Result "0-1"]
[WhiteElo "1854"]
[BlackElo "1665"]
[PlyCount "150"]
[EventDate "2018.??.??"]
[WhiteTeam "Hamelner SV"]
[BlackTeam "SV Lahn Limburg"]

1. e4 e5 2. Nf3 Nc6 3. Bb5 Bc5 4. d3 d6 5. h3 Nf6 6. c3 a6 7. Ba4 Ba7 8. Bc2 h6
9. O-O O-O 10. Re1 Ne7 11. Nbd2 Ng6 12. Nf1 Be6 13. d4 Re8 14. Ng3 Nh7 15. Be3
Ng5 16. Qe2 Qf6 17. Nxg5 hxg5 18. Rad1 Nf4 19. Qd2 g6 20. Nf1 Kg7 21. Bxf4 gxf4
22. d5 Bd7 23. Qe2 Bxh3 24. Qf3 Qg5 25. Qxh3 Rh8 26. Qf3 Qh4 27. g3 fxg3 28.
Nxg3 Qh2+ 29. Kf1 Rh4 30. Qg2 Bxf2 31. Nh5+ Rxh5 32. Qxf2 Qxf2+ 33. Kxf2 Rh2+
34. Ke3 Rxc2 35. Rd2 Rxd2 36. Kxd2 Rh8 37. Re2 f5 38. exf5 gxf5 39. c4 Kf6 40.
b4 e4 41. a4 Ke5 42. Rg2 Kd4 43. c5 dxc5 44. bxc5 Kxc5 45. Rg7 Kxd5 46. Rxc7 b5
47. Ra7 Rh6 48. axb5 axb5 49. Rf7 Rh5 50. Ke3 Rh3+ 51. Ke2 Rf3 52. Rb7 Kc4 53.
Rc7+ Kb3 54. Rb7 b4 55. Rb5 Kc4 56. Rb8 b3 57. Rc8+ Kb4 58. Rb8+ Ka3 59. Ra8+
Kb2 60. Rb8 Kc2 61. Rc8+ Kb1 62. Rb8 b2 63. Rb5 Ka2 64. Ra5+ Ra3 65. Rb5 b1=Q
66. Rxb1 Kxb1 67. Kf2 f4 68. Ke2 Kc2 69. Kf2 e3+ 70. Kf3 Kd2 71. Kxf4 e2 72.
Kf5 e1=Q 73. Kf6 Rf3+ 74. Kg5 Qg1+ 75. Kh4 Rf8 0-1

[Event "Sparkassen-Open A"]
[Site "Heusenstamm, Martinsee"]
[Date "2018.11.24"]
[Round "5.106"]
[White "Goetz, Jan"]
[Black "Stolle, Hendrik"]
[Result "1-0"]
[WhiteElo "1869"]
[BlackElo "1614"]
[PlyCount "85"]
[EventDate "2018.??.??"]
[WhiteTeam "SK Bad Homburg"]
[BlackTeam "TG Biberach"]

1. d4 g6 2. c4 Bg7 3. Nc3 c6 4. e4 d6 5. Be3 Nf6 6. Be2 O-O 7. Nf3 Bg4 8. O-O
Bxf3 9. Bxf3 Nbd7 10. b4 e5 11. d5 cxd5 12. cxd5 Rc8 13. Nb5 Qe7 14. Nxa7 Rc7
15. Qb3 Ne8 16. Rac1 f5 17. exf5 gxf5 18. Rxc7 Nxc7 19. Rc1 Ne8 20. Bh5 Ndf6
21. Bg5 Qd7 22. Bxe8 Rxe8 23. Bxf6 Bxf6 24. b5 Kh8 25. b6 Bd8 26. a4 Rg8 27. a5
f4 28. f3 Qh3 29. Rc2 Qh4 30. Re2 Rg6 31. Qb5 Rh6 32. Qe8+ Kg7 33. Qd7+ Kh8 34.
h3 Rg6 35. Nb5 Rg7 36. Qxd6 Be7 37. Qb8+ Rg8 38. Qxe5+ Bf6 39. Qf5 Bg7 40. d6
Rf8 41. Qg4 Qf6 42. d7 Qc6 43. Qe6 1-0

[Event "Sparkassen-Open A"]
[Site "Heusenstamm, Martinsee"]
[Date "2018.11.24"]
[Round "5.107"]
[White "Chassard, Cedric"]
[Black "Schellen, Sven"]
[Result "0-1"]
[WhiteElo "1758"]
[BlackElo "1865"]
[PlyCount "50"]
[EventDate "2018.??.??"]
[WhiteTeam "SV Riegelsberg"]
[BlackTeam "SF Frankfurt"]

1. e4 e5 2. Nf3 Nc6 3. Bc4 Nf6 4. d3 Bc5 5. c3 h6 6. Bb3 a6 7. Nbd2 d6 8. O-O
O-O 9. h3 Ba7 10. Re1 Ne7 11. Nf1 Ng6 12. Ng3 c6 13. Nh2 Be6 14. Ng4 Nxg4 15.
hxg4 Qh4 16. Bxe6 Bxf2+ 17. Kxf2 fxe6+ 18. Kg1 Qxg3 19. Be3 Nh4 20. Qc2 Nf3+
21. Kf1 Nxe1+ 22. Bf2 Nxc2 23. Ke2 Qxf2+ 24. Kd1 Ne3+ 25. Kc1 Qc2# 0-1

[Event "Sparkassen-Open A"]
[Site "Heusenstamm, Martinsee"]
[Date "2018.11.24"]
[Round "5.108"]
[White "Eurich, Jannik"]
[Black "Engel, Jan"]
[Result "1/2-1/2"]
[WhiteElo "1642"]
[BlackElo "1859"]
[PlyCount "94"]
[EventDate "2018.??.??"]
[WhiteTeam "SK Langen"]
[BlackTeam "Frankfurter TV"]

1. e4 c5 2. Nf3 d6 3. d4 cxd4 4. Nxd4 Nf6 5. Nc3 a6 6. Bg5 Nbd7 7. Qe2 Qa5 8.
Bd2 Qc7 9. O-O-O b5 10. f4 Bb7 11. a3 Rc8 12. g4 e5 13. Nf5 Nxe4 14. Bg2 d5 15.
Bxe4 dxe4 16. fxe5 Nxe5 17. Bf4 f6 18. Nxe4 Qxc2+ 19. Qxc2 Rxc2+ 20. Kxc2 Bxe4+
21. Kc3 Bxh1 22. Rxh1 Nxg4 23. Rg1 g6 24. Rxg4 gxf5 25. Rg2 Kf7 26. Rd2 Ke6 27.
Kb3 Be7 28. Rc2 Rd8 29. Rc6+ Kd5 30. Rxa6 Bd6 31. Rxd6+ Rxd6 32. Bxd6 Kxd6 33.
Kc3 Kc5 34. Kd3 Kd5 35. b3 h5 36. Ke3 h4 37. Kf4 Kd4 38. Kxf5 Kc3 39. a4 bxa4
40. bxa4 Kb4 41. Kxf6 Kxa4 42. Kg5 h3 43. Kg4 Kb5 44. Kxh3 Kc6 45. Kg4 Kd7 46.
Kg5 Ke7 47. Kg6 Kf8 1/2-1/2

[Event "Sparkassen-Open A"]
[Site "Heusenstamm, Martinsee"]
[Date "2018.11.24"]
[Round "5.109"]
[White "Mager, Thomas"]
[Black "Renk, Jonas"]
[Result "0-1"]
[WhiteElo "1854"]
[BlackElo "1607"]
[PlyCount "108"]
[EventDate "2018.??.??"]
[WhiteTeam "vereinslos"]
[BlackTeam "SK Langen"]

1. c4 Nf6 2. g3 g6 3. Bg2 Bg7 4. Nc3 Nc6 5. e4 d6 6. Nge2 e5 7. O-O Be6 8. d3
Qd7 9. Nd5 Ne7 10. Bh6 O-O 11. Nxf6+ Bxf6 12. Bxf8 Rxf8 13. Nc3 Nc6 14. a3 Bg7
15. Nd5 Bxd5 16. cxd5 Nd4 17. Rc1 c5 18. dxc6 bxc6 19. b4 Rb8 20. Kh1 Qe6 21.
Qa4 Qe7 22. Rc4 Rb6 23. Rfc1 Bh6 24. Rf1 Qb7 25. Qd1 Rb5 26. f4 a5 27. bxa5
Rxa5 28. a4 c5 29. fxe5 dxe5 30. Qb1 Qa7 31. Qa2 Nc6 32. Ra1 Be3 33. Bf3 Bd4
34. Rb1 Nb4 35. Rbxb4 cxb4 36. Rxb4 Qe7 37. Qb3 Qg5 38. Rb7 Qf6 39. Kg2 Rc5 40.
h4 Rc1 41. Rb8+ Kg7 42. Qa3 Rc2+ 43. Kh3 Rc5 44. Kg2 h5 45. a5 Rc2+ 46. Kh3 Bc5
47. Qa4 Qe6+ 48. g4 Rf2 49. Bd1 hxg4+ 50. Kg3 Ra2 51. Qb3 Bf2+ 52. Kg2 Bxh4+
53. Kh1 Qf6 54. Qxa2 Qf1+ 0-1

[Event "Sparkassen-Open A"]
[Site "Heusenstamm, Martinsee"]
[Date "2018.11.24"]
[Round "5.110"]
[White "Senatov, Boris"]
[Black "Flach, Helene"]
[Result "1-0"]
[WhiteElo "1735"]
[BlackElo "1849"]
[PlyCount "113"]
[EventDate "2018.??.??"]
[WhiteTeam "SC Heusenstamm"]
[BlackTeam "SK Langen"]

1. e4 c5 2. Nf3 e6 3. d4 cxd4 4. Nxd4 a6 5. Nc3 Qc7 6. g3 Bb4 7. Nde2 b5 8. Bg2
Bb7 9. O-O Nc6 10. Bf4 Qd8 11. a3 Be7 12. Bd6 Bxd6 13. Qxd6 Qe7 14. Rad1 Nf6
15. e5 Ng4 16. Qc7 d5 17. exd6 Qxc7 18. dxc7 Nf6 19. Rd6 Na5 20. Bxb7 Nxb7 21.
Rb6 Na5 22. Rxa6 Ke7 23. Rxa8 Rxa8 24. Nxb5 Nd5 25. b3 Rc8 26. Rd1 Nxc7 27.
Nxc7 Rxc7 28. Rd2 Nc6 29. f4 Ra7 30. a4 Nb4 31. c3 Nd5 32. Nd4 Rb7 33. Nb5 Rb6
34. c4 Nb4 35. Kf1 Na6 36. Ke2 Nc5 37. Rb2 Ra6 38. Ke3 Ra8 39. Kd4 Na6 40. b4
Rd8+ 41. Kc3 Rd1 42. c5 Rc1+ 43. Kb3 f6 44. Na7 Nc7 45. c6 Nd5 46. b5 Kd6 47.
a5 Ra1 48. Ra2 Rb1+ 49. Ka3 Kc7 50. f5 Kb8 51. b6 Nxb6 52. axb6 Rxb6 53. Rb2
Kxa7 54. Rc2 Kb8 55. fxe6 Kc7 56. Rd2 Kxc6 57. e7 1-0

[Event "Sparkassen-Open A"]
[Site "Heusenstamm, Martinsee"]
[Date "2018.11.24"]
[Round "5.111"]
[White "Stork, Christopher"]
[Black "Cortes Arias, Mariela"]
[Result "0-1"]
[WhiteElo "1721"]
[BlackElo "1831"]
[PlyCount "116"]
[EventDate "2018.??.??"]
[WhiteTeam "SV Oberursel"]
[BlackTeam "AJEZA"]

1. e4 c5 2. Nf3 Nc6 3. d4 cxd4 4. Nxd4 g6 5. Nc3 Bg7 6. Be3 Nf6 7. Bc4 Qa5 8.
O-O O-O 9. f3 d6 10. a3 a6 11. Rb1 Bd7 12. Nb3 Qc7 13. Nd5 Nxd5 14. Bxd5 Ne5
15. Nd4 Nc4 16. Bxc4 Qxc4 17. Qe2 Rfc8 18. Qxc4 Rxc4 19. c3 Rac8 20. Rbc1 b5
21. Ne2 f5 22. exf5 Bxf5 23. Rfd1 R4c6 24. Nd4 Bxd4 25. Bxd4 e5 26. Bf2 Be6 27.
Rd2 Bb3 28. Re1 Re8 29. Rde2 Rc4 30. Rd2 Rc6 31. Rde2 Rec8 32. Bg3 Rc4 33. Rd2
R8c6 34. Re3 Kf7 35. Kf2 a5 36. h3 Ba4 37. Re4 Rxe4 38. fxe4 Ke6 39. Kf3 b4 40.
axb4 axb4 41. cxb4 Rc4 42. Be1 Bc2 43. Rf2 Bxe4+ 44. Kg3 Bf5 45. Re2 d5 46. Bc3
d4 47. Be1 Rc1 48. Bf2 Kd5 49. Rd2 Kc4 50. Re2 e4 51. Kf4 Kd3 52. Re1 Rxe1 53.
Bxe1 Ke2 54. g4 Kxe1 55. gxf5 d3 56. f6 d2 57. f7 d1=Q 58. Kg5 Qf3 0-1

[Event "Sparkassen-Open A"]
[Site "Heusenstamm, Martinsee"]
[Date "2018.11.24"]
[Round "5.112"]
[White "Niedenthal, Robert"]
[Black "Ohler, Julius"]
[Result "0-1"]
[WhiteElo "1700"]
[BlackElo "1826"]
[PlyCount "96"]
[EventDate "2018.??.??"]
[WhiteTeam "SV Hofheim"]
[BlackTeam "SG Trier"]

1. c4 c5 2. g3 Nc6 3. Bg2 g6 4. Nc3 Bg7 5. e4 e5 6. d3 Nge7 7. Nge2 O-O 8. O-O
d6 9. h3 f5 10. f4 a6 11. a4 Nd4 12. Rb1 a5 13. Kh2 Nec6 14. Be3 Re8 15. Nd5
Be6 16. Nec3 Nb4 17. Rf2 Nxd5 18. Nxd5 Bxd5 19. exd5 Qd7 20. b3 Re7 21. Qd2 b6
22. fxe5 Bxe5 23. Bf4 Rae8 24. Bg5 Rf7 25. Bf4 Bxf4 26. Qxf4 Qe7 27. Rbb2 g5
28. Qc1 Qe3 29. Qd1 h6 30. Qh5 Kg7 31. g4 Qe5+ 32. Kh1 f4 33. Be4 Rf6 34. Rb1
Ref8 35. h4 Rh8 36. Rbb2 f3 37. Rb1 Ne2 38. Rxf3 Ng3+ 39. Rxg3 Qxg3 40. Bg2
gxh4 41. Rg1 Rhf8 42. g5 hxg5 43. Qe2 Rf2 44. Qe7+ R8f7 45. Qe6 Rxg2 46. Qxf7+
Kxf7 47. Rxg2 Qxg2+ 48. Kxg2 g4 0-1

[Event "Sparkassen-Open A"]
[Site "Heusenstamm, Martinsee"]
[Date "2018.11.24"]
[Round "5.113"]
[White "Hochmuth, Christian"]
[Black "Pade, Joachim"]
[Result "1-0"]
[WhiteElo "1907"]
[BlackElo "1630"]
[PlyCount "89"]
[EventDate "2018.??.??"]
[WhiteTeam "SG WÃ¤chtersbach"]
[BlackTeam "SV Alsfeld"]

1. Nf3 e6 2. g3 f5 3. Bg2 Nf6 4. d3 Be7 5. c4 O-O 6. Nc3 d6 7. Bd2 a5 8. Rb1
Nc6 9. a3 e5 10. O-O h6 11. Nd5 Rb8 12. Ne1 g5 13. e3 Rf7 14. b4 axb4 15. axb4
Bf8 16. Bc3 Bg7 17. Nc2 Kh8 18. f4 g4 19. b5 Ne7 20. Ncb4 Nfxd5 21. Nxd5 Be6
22. Nxe7 Qxe7 23. Qe2 b6 24. Ra1 h5 25. Ra7 Bf6 26. Qb2 Bc8 27. Rfa1 Kh7 28.
Bd5 Rf8 29. Kg2 Kg6 30. fxe5 Bxe5 31. Bxe5 dxe5 32. Re1 Rh8 33. Qa1 Rh7 34. Ra8
Rxa8 35. Qxa8 Be6 36. Qc6 Kf7 37. Bxe6+ Qxe6 38. Qxc7+ Kg6 39. Qb8 f4 40. exf4
h4 41. Rxe5 h3+ 42. Kf2 Qf6 43. Qe8+ Kg7 44. Rg5+ Kh6 45. Qh5# 1-0

[Event "Sparkassen-Open A"]
[Site "Heusenstamm, Martinsee"]
[Date "2018.11.24"]
[Round "5.114"]
[White "Neubauer, Robert"]
[Black "Armbrust, Matthias"]
[Result "0-1"]
[WhiteElo "1899"]
[BlackElo "1830"]
[PlyCount "130"]
[EventDate "2018.??.??"]
[WhiteTeam "Bad Vilbeler Sfr"]
[BlackTeam "SF Lindlar"]

1. e4 c5 2. Nf3 d6 3. d4 cxd4 4. Qxd4 Nc6 5. Qe3 g6 6. Bb5 Bg7 7. Nc3 Nf6 8. h3
O-O 9. O-O a6 10. Bc4 b5 11. Bb3 Bb7 12. a3 Rc8 13. Qe2 Nd7 14. Bf4 Na5 15. Ba2
Nc4 16. Bxc4 Rxc4 17. Nd2 Rc8 18. Qe3 Nc5 19. Bh6 Qd7 20. Bxg7 Kxg7 21. Rfc1
Rc7 22. b4 Ne6 23. Nd5 Rc6 24. c4 Nc7 25. cxb5 Rxc1+ 26. Rxc1 Nxd5 27. exd5
axb5 28. Nf3 Rc8 29. Rxc8 Qxc8 30. Kh2 Qc7 31. Qd4+ Kg8 32. Qd2 Qc4 33. Qd4
Bxd5 34. Qxc4 Bxc4 35. Nd2 Bd3 36. Kg3 e5 37. Kf3 Kf8 38. Ke3 Bf5 39. f4 f6 40.
g4 Bc2 41. g5 fxg5 42. fxe5 dxe5 43. Nf3 Bf5 44. Nxg5 h6 45. Nf3 Bxh3 46. Nxe5
g5 47. Nf3 Ke7 48. Nd4 Bd7 49. Ke4 Kd6 50. Ne2 h5 51. Kd4 h4 52. Nc3 Bc6 53. a4
bxa4 54. b5 Bb7 55. Nxa4 h3 56. Nb2 h2 57. Nc4+ Ke6 58. Kc5 h1=Q 59. Kb6 Bc8
60. Na5 Qa8 61. Nc6 Qb7+ 62. Kc5 Kf6 63. b6 g4 64. Kd6 Qxb6 65. Kd5 Bb7 0-1

[Event "Sparkassen-Open A"]
[Site "Heusenstamm, Martinsee"]
[Date "2018.11.24"]
[Round "5.115"]
[White "Lanz, Udo"]
[Black "Weiland, Thomas"]
[Result "1-0"]
[WhiteElo "1837"]
[BlackElo "1796"]
[PlyCount "60"]
[EventDate "2018.??.??"]
[WhiteTeam "VSG Offenbach"]
[BlackTeam "SV Oberursel"]

1. f4 d5 2. Nf3 c5 3. g3 Nf6 4. Bg2 Nc6 5. O-O e6 6. d3 Bd7 7. Nc3 Be7 8. e4 h6
9. h3 a6 10. Ne5 d4 11. Ne2 Qc7 12. Nxd7 Qxd7 13. Bd2 O-O-O 14. a3 Nh7 15. Rb1
Ng5 16. f5 Bd6 17. b4 cxb4 18. axb4 Na7 19. c4 dxc3 20. Bxc3 e5 21. d4 f6 22.
Qb3 Rhe8 23. Rfd1 Qe7 24. dxe5 Bxe5 25. Bd4 Bxd4+ 26. Nxd4 Qe5 27. Ne6 Rxd1+
28. Rxd1 Nb5 29. Qd3 Kb8 30. Qd7 Rf8 1-0

[Event "Sparkassen-Open A"]
[Site "Heusenstamm, Martinsee"]
[Date "2018.11.24"]
[Round "5.116"]
[White "Reinhold, GÃ¼nther"]
[Black "Schlemminger, Degenhard"]
[Result "1/2-1/2"]
[WhiteElo "1833"]
[BlackElo "1673"]
[PlyCount "103"]
[EventDate "2018.??.??"]
[WhiteTeam "Frankfurter TV"]
[BlackTeam "SV Reutlingen"]

1. e4 e5 2. Nf3 Nc6 3. Bc4 Be7 4. O-O d6 5. d4 exd4 6. Nxd4 Nxd4 7. Qxd4 Bf6 8.
Qd3 Be6 9. Nc3 Ne7 10. Nd5 Bxd5 11. exd5 O-O 12. c3 Ng6 13. f4 a6 14. Bd2 Qd7
15. Rae1 Rfe8 16. Bb3 Rxe1 17. Rxe1 Re8 18. Re4 Rxe4 19. Qxe4 Ne7 20. Bc2 g6
21. b3 Qb5 22. c4 Qd7 23. Bd1 Nf5 24. Bg4 h5 25. Bxf5 gxf5 26. Qe3 Kh7 27. Kf2
Qe7 28. Qxe7 Bxe7 29. Bc3 Kg6 30. Ke3 b6 31. a4 a5 32. b4 axb4 33. Bxb4 Bd8 34.
a5 bxa5 35. Bxa5 Kf6 36. Kd4 Ke7 37. c5 dxc5+ 38. Kxc5 Kd7 39. Kc4 Be7 40. Bb4
Bf6 41. Bc3 Bxc3 42. Kxc3 h4 43. h3 Kd6 44. Kc4 f6 45. Kd4 c6 46. dxc6 Kxc6 47.
Ke3 Kd5 48. Kf3 Ke6 49. g3 hxg3 50. Kxg3 Kf7 51. Kf3 Kg6 52. Kg3 1/2-1/2